| 000 | 00355nam a22001337a 4500 | ||
|---|---|---|---|
| 020 | _qPB. | ||
| 040 | _cFIZZA ISHAQ | ||
| 082 |
_a005.133 _bSHA |
||
| 100 |
_aVAINGAST,SHAI. _991826 |
||
| 245 |
_aBEGINNING PYTHON VISUALIZATION CRAFTING VISUAL TRANSFORMATION SCRIPTS / _cSHAI VAINGAST. |
||
| 260 |
_aSSBM ; _c2014. |
||
| 300 | _a385 P. ; | ||
| 942 |
_2ddc _cBK |
||
| 999 |
_c589961 _d589961 |
||